1661 1533 1303 1703 1255 1940 1087 1948 1925 1375 1014 1904 1566 1123 1453 1854 1306 1389 1577 1214 1580 1280 1332 1476 1910 1548 1859 1910 1159 1270 1405 1727 1511 1321 1206 1920 1690 1454 1427 1279 1781 1260 1278 1064 1201 1049 1459 1319 1891 1056 1175 1883 1176 1888 1266 1940 1993 1686 1368 1708 1085 1177 1533 1513 1135 1520 1547 1177 1740 1326 1230 1052 1464 1494 1489 1402 1960 1118 1075 1916 1202 1523 1838 1472 1764 1584 1062 1217 1375 1360 1914 1439 1342 1364 1189 1628 1715 1141 1850 BCNSPRNW ULIB Ver.6.0+V

เปลี่ยนเป็นภาษาไทย

Change to English
 แสดงรายละเอียดบรรณานุกรม
  กลับหน้าหลัก

Brief Record : Get Marc (ISO 2709) : E-mail record : QR code < ปิดหน้าต่าง
LEADER : 00000nam 2200000uu 4500
001    13399114291
003     ULIB
008    110606s||||||||th 000 0 tha d
020    9786167291116
060 04 WS105^bว413ฉ
100 0  วัณเพ็ญ บุญประกอบ
245 10 ฉลาดรู้อารมณ์จิตใจลูกรัก /^cวัณเพ็ญ บุญประกอบ
250    พิมพ์ครั้งที่ 1
260    กรุงเทพฯ :^bรักลูกBooks,^c2554
300    147 หน้า
650  7 เลี้ยงลูก
650  7 อารมณ์และจิตใจเด็ก
710 2  รักลูกBooks
945    ^p165^l0^i031348
945    ^p165^l0^i031349
995    ทศพร
999    ^aใช้งานได้ทุกระบบ
รายการนี้ยังไม่มีแท็ก
คุณยังไม่ได้ล็อกอิน คุณสามารถมีกิจกรรมร่วมกับเว็บไซต์ได้ แต่ต้องล็อกอินก่อน ::
  ล็อกอิน

รายการสื่อสารสนเทศ

ลำดับที่ ประเภท เลขเรียก/บาร์โค้ด สถานที่ สถานะ
1. วิทยาศาสตร์การแพทย์ และสุขภาพ
หนังสือสำรอง
สถานะ=หนังสือสำรอง
WS105 ว413ฉ ฉ.1 
  Barcode: 031348
ห้องสมุดวิทยาเขตสวรรค์ประชารักษ์
►ส่วนจัดเก็บหนังสือเก่า สปร
บนชั้น
  ขอยืม
2. วิทยาศาสตร์การแพทย์ และสุขภาพ
วิทยาศาสตร์การแพทย์ และสุขภาพ
WS105 ว413ฉ ฉ.2 
  Barcode: 031349
ห้องสมุดวิทยาเขตสวรรค์ประชารักษ์
►ส่วนจัดเก็บหนังสือเก่า สปร
บนชั้น
  ขอยืม

รายการใกล้เคียง
    ผู้แต่ง [วัณเพ็ญ บุญประกอบ]

    หัวเรื่อง [เลี้ยงลูก]
    หัวเรื่อง [อารมณ์และจิตใจเด็ก]

BibComment


ยังไม่เคยถูกคอมเมนท์

คอมเมนท์ทรัพยากรรายการนี้
  คอมเมนท์: ฉลาดรู้อารมณ์จิตใ..


 Copyright 2026. Bcnsprnw @Library